00333nam a22001097a 4500082002000000100002500020245007000045260003900115300002400154526003700178650000800215 a551.48bWANcD. aWanielista, Martin.  aHydrology water quantity and quality control.cMartin Wanielista. aNew YorkbJohn Wiley & Sons, Lnc.  axiii, 567 P.;bill. a0b0c0d551_480000000000000_WAN aMCE